Statistiques concernant Les Chanceliers allemands (depuis 1949)

Cliquez ici pour prendre le quiz!

Statistiques générales

  • Ce quiz a été pris 5 687 fois
    (5 499 depuis la dernière actualisation)
  • Le résultat moyen est 4 sur 9

Statistiques - réponses

PartiDatesChancelier% Correct
CDU2005-2021Angela Merkel
99%
SPD2021-Olaf Scholz
66%
CDU1982-1998Helmut Kohl
59%
CDU1949-1963Konrad Adenauer
53%
SPD1998-2005Gerhard Schröder
43%
SPD1969-1974Willy Brandt
39%
SPD1974-1982Helmut Schmidt
34%
CDU1966-1969Kurt Georg Kiesinger
18%
CDU1963-1966Ludwig Erhard
15%

Distribution des résultats

Percentile par nombre de réponses

% des personnes avec chaque résultat

Votre développement - résultats

Vous n’avez pas pris ce quiz depuis la dernière actualisation